College algebra and trigonometry a unit circle approach

Bibliographic Details
Main Author: Dugopolski, Mark
Format: Section = Libro
Language:Undetermined
Spanish
Published: Boston Addison/Wesley 2011
Edition:5a.ed.
Subjects:
LEADER 00606nam a2200229Ia 4500
008 240829s9999 xx 000 0 und d
020 |a 0-321-64560-X 
040 |a BIBLIOTECA-RUSB/ 512.13 D867 
041 |a spa 
082 |a 512.13 D867 
100 1 |a Dugopolski, Mark 
245 1 0 |a College algebra and trigonometry a unit circle approach 
250 |a 5a.ed. 
260 |a Boston  |b Addison/Wesley  |c 2011 
300 |a 978 p. :il. 
650 7 |a ALGEBRA Y TRIGONOMETRY 
650 7 |b  ECUACIONES 
650 7 |c  DESIGUALDADES 
650 7 |d  MATRICES MATEMATICAS 
942 |c BK  |2 ddc 
991 |a TEXTO 
999 |c 1429